Impossible Trivia - Statistics

General Stats
  • This quiz has been taken 10 times
  • The average score is 8 of 20
Answer Stats
Hint Answer % Correct
the hot red liquid under the earth magma
100%
these people go to the moon. also mike tyson kills them when he gets in fender benders astronauts
89%
the planet that is adjacent to the planet that is 3 planets closer to the sun than jupiter mercury
89%
lame harry potter character who contributes nothing but steals harry potters wifey despite being ugly ron weasley
89%
the 4th president james madison
56%
the 3rd element lithium
56%
the actor who used his hotness to sing badly with lady gaga at the grammys bradley cooper
33%
an actor who likes to tap dance dule hill
33%
a place where soda is free panera
33%
cartoon monsters that maul and murder each other for players enjoyment pokemon
33%
a boardgame sorry
33%
a vodka aristocrat
22%
what annie will be tonight drunk
22%
a grocery store superior to kroger food lion
22%
a chess trick where you strategically sacrifice the pawn in front of your king to checkmate jonas kings gambit
22%
another term for skinny meals lean cuisine
22%
things some people think annie cant do swim
22%
things blake doesnt like chocolate
11%
a fast food place hardees
11%
a basketball player who has the middle name lafrance lamelo ball
11%
No matching quizzes found
Score Distribution
Percent of People with Each Score
Percentile by Number Answered
Your Score History
You have not taken this quiz